[Event "GER Seniors Derby 15th"]
[Site "Wesel Undeloh"]
[Date "2016.04.09"]
[Round "7"]
[White "Roehl, Manfred"]
[Black "Weiser, Bernd"]
[Result "1-0"]
[WhiteElo "1795"]
[BlackElo "1144"]
[PlyCount "103"]
[EventDate "2016.04.06"]
[EventType "swiss"]
[EventRounds "9"]
[EventCountry "GER"]
[SourceTitle "EXT 2019"]
[Source "ChessBase"]
[SourceDate "2018.10.10"]
[SourceVersion "1"]
[SourceVersionDate "2018.10.10"]
[SourceQuality "1"]

1. d4 d5 2. e3 Bf5 3. Nf3 f6 4. Nbd2 a6 5. Nh4 Qd7 6. f4 Nc6 7. Nxf5 Qxf5 8. Bd3 Qd7 9. Qh5+ Kd8 10. a3 Nh6 11. b4 g6 12. Qd1 Bg7 13. Nb3 b6 14. Qe2 Nb8 15. Bb2 Re8 16. 0-0-0 Kc8 17. Qf3 c6 18. Kb1 e6 19. g4 Nf7 20. Qh3 Rh8 21. Qg3 Qd6 22. c4 dxc4 23. Bxc4 Rd8 24. Nd2 f5 25. gxf5 exf5 26. Bxf7 Rd7 27. Bb3 Kb7 28. Nc4 Qe7 29. Ne5 Bxe5 30. dxe5 Rxd1+ 31. Rxd1 Nd7 32. Qf2 Rd8 33. Rd6 Nb8 34. Qd2 Rxd6 35. Qxd6 Qxd6 36. exd6 Nd7 37. Bg8 c5 38. Bxh7 Kc6 39. Be5 Nxe5 40. fxe5 g5 41. Bxf5 c4 42. d7 Kc7 43. e6 Kd8 44. Kc2 b5 45. Kc3 Ke7 46. Kd4 Kd8 47. Kc5 Ke7 48. Kc6 Kd8 49. h3 c3 50. Bc2 a5 51. Kd6 axb4 52. e7# 1-0